000 00578nam a2200241Ia 4500
008 210210b2016 xxu||||| |||| 00| 0 eng d
020 _a9788170352372
041 _aeng
082 _a664.94 BALP
100 _aBALACHANDRAN (K K)
245 _aPost harvest technology of fish and fish products
260 _aNew Delhi
_bDaya Publishing House
_c2016
300 _aix,440
650 _atechnology
650 _aproducts
650 _aPost
650 _aof
650 _aharvest
650 _afish
650 _aand
690 _aFood Technology
906 _a070571
999 _c120029
_d120029